[Event "Tanta op 2nd"]
[Site "Tanta"]
[Date "1998.11.19"]
[Round "4"]
[White "Ahmed, Ehab"]
[Black "Ismail, Hamed"]
[Result "1-0"]
[WhiteElo "2260"]
[BlackElo "2245"]
[PlyCount "56"]
[EventDate "1998.11.16"]
[EventType "swiss"]
[EventRounds "9"]
[EventCountry "EGY"]
[SourceTitle "CBM 067 Extra"]
[Source "ChessBase"]
[SourceDate "1999.01.01"]
[SourceVersion "1"]
[SourceVersionDate "1999.01.01"]
[SourceQuality "1"]

1. d4 Nf6 2. c4 d6 3. Nc3 Nbd7 4. e4 e5 5. d5 Nc5 6. Bd3 a5 7. Nge2 c6 8. 0-0 cxd5 9. cxd5 Bd7 10. Ng3 Be7 11. Be2 0-0 12. f4 exf4 13. Bxf4 Qb6 14. Qd4 Rfe8 15. e5 dxe5 16. Bxe5 Bd8 17. Kh1 Qb4 18. Rad1 Rc8 19. Bf3 Qxb2 20. Nh5 Rxe5 21. Qxe5 Na4 22. Nxf6+ Bxf6 23. Qd6 Nxc3 24. Qxd7 Rd8 25. Rfe1 h6 26. Re8+ Rxe8 27. Qxe8+ Kh7 28. Qxf7 Qxa2 1-0

[Event "Tanta op 2nd"]
[Site "Tanta"]
[Date "1998.11.17"]
[Round "2"]
[White "Sorial, Hanna"]
[Black "Ahmed, Ehab"]
[Result "1-0"]
[WhiteElo "2245"]
[BlackElo "2260"]
[PlyCount "59"]
[EventDate "1998.11.16"]
[EventType "swiss"]
[EventRounds "9"]
[EventCountry "EGY"]
[SourceTitle "CBM 067 Extra"]
[Source "ChessBase"]
[SourceDate "1999.01.01"]
[SourceVersion "1"]
[SourceVersionDate "1999.01.01"]
[SourceQuality "1"]

1. d4 d5 2. c4 c6 3. Nc3 Nf6 4. Nf3 a6 5. c5 b6 6. cxb6 Nbd7 7. e3 e6 8. Bd3 c5 9. 0-0 cxd4 10. exd4 Bd6 11. Bg5 Qxb6 12. Rb1 h6 13. Bh4 g5 14. Bg3 Bxg3 15. hxg3 g4 16. Ne5 h5 17. Bc2 Nxe5 18. dxe5 Nd7 19. Re1 Bb7 20. Ba4 Bc6 21. Bxc6 Qxc6 22. Rc1 Qb7 23. Qd2 Nb6 24. b3 Qe7 25. Qd4 Nd7 26. Nxd5 exd5 27. e6 0-0 28. exd7 Qxd7 29. Re5 Rad8 30. Rg5+ 1-0

[Event "Cairo op"]
[Site "Cairo"]
[Date "1998.??.??"]
[Round "10"]
[White "Abdelrahman, AK."]
[Black "Ahmed, Ehab"]
[Result "0-1"]
[WhiteElo "2140"]
[BlackElo "2285"]
[PlyCount "62"]
[EventDate "1998.??.??"]
[EventType "swiss"]
[EventRounds "10"]
[EventCountry "EGY"]
[SourceTitle "EXT 1999"]
[Source "ChessBase"]
[SourceDate "1998.11.16"]
[SourceVersion "1"]
[SourceVersionDate "1998.11.16"]
[SourceQuality "1"]

1. e4 e6 2. d4 d5 3. Nd2 Nc6 4. c3 e5 5. Ngf3 exd4 6. Nxd4 Nxd4 7. cxd4 dxe4 8. Nxe4 Nf6 9. Bd3 Bb4+ 10. Bd2 Bxd2+ 11. Qxd2 0-0 12. Nxf6+ Qxf6 13. 0-0 c6 14. Rfe1 Be6 15. Qb4 Rab8 16. Re5 Rfd8 17. Rae1 g6 18. a3 Kg7 19. Qc5 a6 20. b4 Rd7 21. Bc4 Bxc4 22. Qxc4 Rbd8 23. R5e4 Rd5 24. f4 R8d7 25. g3 Qd8 26. Kf2 a5 27. Ke3 axb4 28. axb4 Qb8 29. b5 Qa7 30. bxc6 bxc6 31. Qxc6 Rxd4 0-1

[Event "Cairo op"]
[Site "Cairo"]
[Date "1998.??.??"]
[Round "5"]
[White "Ahmed, Ehab"]
[Black "Tork, Mohamed"]
[Result "1-0"]
[WhiteElo "2285"]
[BlackElo "2150"]
[PlyCount "107"]
[EventDate "1998.??.??"]
[EventType "swiss"]
[EventRounds "10"]
[EventCountry "EGY"]
[SourceTitle "EXT 1999"]
[Source "ChessBase"]
[SourceDate "1998.11.16"]
[SourceVersion "1"]
[SourceVersionDate "1998.11.16"]
[SourceQuality "1"]

1. d4 d5 2. c4 dxc4 3. e3 e5 4. Bxc4 exd4 5. exd4 Bd6 6. Nf3 Qe7+ 7. Be3 Nf6 8. 0-0 0-0 9. Re1 Bg4 10. Nbd2 Qd7 11. Qb3 c6 12. Bg5 Nd5 13. Ne4 Bxf3 14. Qxf3 Be7 15. Bxe7 Nxe7 16. Rad1 Qf5 17. Qg3 Qg6 18. Qc7 Nd5 19. Qxb7 Nb6 20. Nc5 Qd6 21. Bb3 N8d7 22. Nxd7 Nxd7 23. d5 c5 24. Qc6 Qxc6 25. dxc6 Nb6 26. Bd5 Rac8 27. Bf3 Rc7 28. b3 f5 29. Rc1 g5 30. Rxc5 g4 31. Be2 Rf6 32. Rec1 Kg7 33. g3 h5 34. a4 Nc8 35. b4 Kh6 36. b5 f4 37. a5 Re7 38. Kf1 fxg3 39. hxg3 Ref7 40. c7 Rxf2+ 41. Ke1 Rg2 42. R5c3 Rg1+ 43. Kd2 Rd7+ 44. Rd3 Rxd3+ 45. Bxd3 Rg2+ 46. Be2 Rxg3 47. Rb1 Ra3 48. b6 Ra2+ 49. Kd3 Ra3+ 50. Kd2 Ra2+ 51. Ke3 axb6 52. axb6 Rc2 53. b7 Rxc7 54. b8Q 1-0

[Event "Tanta op 1st"]
[Site "Tanta"]
[Date "1997.??.??"]
[Round "4"]
[White "Ahmed, Ehab"]
[Black "Sarwat, Walaa"]
[Result "1-0"]
[WhiteElo "2235"]
[BlackElo "2360"]
[PlyCount "66"]
[EventDate "1997.??.??"]
[EventType "swiss"]
[EventRounds "10"]
[EventCountry "EGY"]
[SourceTitle "EXT 1998"]
[Source "ChessBase"]
[SourceDate "1997.11.17"]
[SourceVersion "1"]
[SourceVersionDate "1997.11.17"]
[SourceQuality "1"]

1. d4 Nf6 2. c4 e6 3. Nf3 b6 4. a3 Bb7 5. Nc3 d5 6. cxd5 Nxd5 7. Qc2 Nxc3 8. bxc3 Nd7 9. e4 Be7 10. Bd3 c5 11. 0-0 Qc7 12. Qe2 h6 13. Be3 c4 14. Bc2 Nf6 15. Nd2 Rc8 16. f4 0-0 17. a4 Nh7 18. Qh5 Qd7 19. Rf3 f5 20. Rg3 Kh8 21. e5 a6 22. Rh3 b5 23. g4 Qd5 24. Nf3 bxa4 25. gxf5 exf5 26. Rxa4 Qd7 27. Ra1 Qe6 28. Rg3 Rb8 29. Bc1 Rf7 30. Kf2 Rg8 31. Qg6 Qd5 32. Qb6 Rd8 33. Ra4 Qe6 1-0

[Event "Tanta op 1st"]
[Site "Tanta"]
[Date "1997.??.??"]
[Round "6"]
[White "Neverov, Valeriy"]
[Black "Ahmed, Ehab"]
[Result "1/2-1/2"]
[WhiteElo "2530"]
[BlackElo "2235"]
[PlyCount "44"]
[EventDate "1997.??.??"]
[EventType "swiss"]
[EventRounds "10"]
[EventCountry "EGY"]
[SourceTitle "EXT 1998"]
[Source "ChessBase"]
[SourceDate "1997.11.17"]
[SourceVersion "1"]
[SourceVersionDate "1997.11.17"]
[SourceQuality "1"]

1. d4 d5 2. c4 c6 3. Nc3 Nf6 4. e3 e6 5. Nf3 Nbd7 6. Qc2 Bd6 7. b3 0-0 8. Be2 Re8 9. 0-0 Qe7 10. Rd1 b6 11. Bb2 Bb7 12. Rac1 Rac8 13. Qb1 h6 14. h3 Bb8 15. e4 dxe4 16. Nxe4 Bf4 17. Nxf6+ Nxf6 18. Rc2 c5 19. dxc5 Be4 20. cxb6 Bxc2 21. Qxc2 axb6 22. Nd4 Red8 1/2-1/2

[Event "Cairo op"]
[Site "Cairo"]
[Date "1996.??.??"]
[Round "8"]
[White "Amer, Mohamed"]
[Black "Ahmed, Ehab"]
[Result "0-1"]
[WhiteElo "2180"]
[BlackElo "2235"]
[PlyCount "87"]
[EventDate "1996.??.??"]
[EventType "swiss"]
[EventRounds "10"]
[EventCountry "EGY"]
[SourceTitle "EXT 1998"]
[Source "ChessBase"]
[SourceDate "1997.11.17"]
[SourceVersion "1"]
[SourceVersionDate "1997.11.17"]
[SourceQuality "1"]

1. e4 c5 2. Nf3 Nc6 3. Bb5 g6 4. 0-0 Bg7 5. c3 Nf6 6. e5 Nd5 7. d4 cxd4 8. cxd4 Nc7 9. Bxc6 dxc6 10. h3 0-0 11. Nc3 h6 12. Be3 Be6 13. Qd2 Kh7 14. Nh2 Nd5 15. Nxd5 Qxd5 16. Rfc1 Rfd8 17. Qb4 Rd7 18. Rc5 Qe4 19. Qc3 Bd5 20. f3 Qf5 21. Qe1 g5 22. h4 f6 23. exf6 exf6 24. Bf2 Qg6 25. Qd2 Re8 26. hxg5 fxg5 27. Ng4 h5 28. Ne3 g4 29. fxg4 hxg4 30. Nxd5 cxd5 31. Re1 Rxe1+ 32. Qxe1 g3 33. Be3 Re7 34. Rxd5 Qe4 35. Qxg3 Qxe3+ 36. Qxe3 Rxe3 37. Rd7 Kg6 38. Kf2 Rd3 39. Rxb7 Bxd4+ 40. Ke2 Re3+ 41. Kd2 Rg3 42. b4 Bb6 43. b5 Rxg2+ 44. Kd3 0-1

[Event "Cairo op"]
[Site "Cairo"]
[Date "1996.??.??"]
[Round "6"]
[White "Georg, Magdy"]
[Black "Ahmed, Ehab"]
[Result "1-0"]
[WhiteElo "2345"]
[BlackElo "2235"]
[PlyCount "63"]
[EventDate "1996.??.??"]
[EventType "swiss"]
[EventRounds "10"]
[EventCountry "EGY"]
[SourceTitle "EXT 1998"]
[Source "ChessBase"]
[SourceDate "1997.11.17"]
[SourceVersion "1"]
[SourceVersionDate "1997.11.17"]
[SourceQuality "1"]

1. e4 c5 2. Nf3 Nc6 3. d3 g6 4. g3 Bg7 5. Bg2 e6 6. 0-0 Nge7 7. Re1 0-0 8. e5 d6 9. exd6 Qxd6 10. Nbd2 b6 11. Nc4 Qd8 12. Bg5 h6 13. Bd2 Ba6 14. Nfe5 Rc8 15. a4 Nd4 16. c3 Ndc6 17. Qe2 Kh7 18. Rad1 Nxe5 19. Nxe5 Rc7 20. h4 h5 21. g4 hxg4 22. Qxg4 f6 23. h5 g5 24. Ng6 Nxg6 25. hxg6+ Kxg6 26. Qxe6 Bxd3 27. Bxg5 Kxg5 28. Qe3+ Kg6 29. Rxd3 Rd7 30. Qe4+ f5 31. Qe6+ Rf6 32. Qxd7 1-0